000 00945nam a2200229Ia 4500
001 L229-5577
003 IT-CnALBA
008 170116s9999||||xx |||||||||||||| ||und||
040 _aIT-CnALBA
_cIT-CnALBA
041 _aITALIANO
100 _aLEPIN M., CONGREGAZIONE DI SAN SULPIZIO.
245 0 _aVANGELI CANONICI E VANGELI APOCRIFI.
250 _a1a ed.
260 _a ROMA PARIS TOURNAI
_bDESCLEE & C. EDIT.
_c1911 [1° Ed.:1911 - Ed.Ling.Originale: 1911]
300 _a128 p.
500 _aVANGELI APOCRIFI DAL IV AL V SECOLO. VANGELI APOCRIFI DAL I AL II SECOLO. RAPPORTO TRA VANGELI CANONICI E APOCRIFI.
501 _aSocietà San Paolo EM - Piazza San Paolo, 14 - 12051 ALBA (CN) (non commercial uses only) ® Copyright 2017
520 _aVANGELI APOCRIFI DAL IV AL V SECOLO. VANGELI APOCRIFI DAL I AL II SECOLO. RAPPORTO TRA VANGELI CANONICI E APOCRIFI.
650 _aLIBRI APOCRIFI
942 _cBK
957 _71
999 _a6556
_bSI
_g Copie: 1
_c264763
_d264763